Organes du Corps Humain par la description #1 - Statistiques

Statistiques générales
  • Ce quiz a été pris 2 631 fois
  • Le résultat moyen est 13 sur 21
Statistiques - réponses
Hint Réponse % Correct
Os long de la cuisse Fémur
86%
Centralise les informations et renvoie des messages aux différents membres Cerveau
79%
Cordon conduisant les messages moteurs du système nerveux Nerf
77%
Élabore et véhicule les matières fécales Côlon
76%
Dent à fonction masticatoire Molaire
73%
Glande qui sécrète certains composants du sperme Prostate
73%
Organe qui brasse, prédigère et stérilise les aliments Estomac
71%
Dent de devant Incisive
71%
Os de la mâchoire inférieure Mandibule
70%
Plus petit os du corps humain Étrier
69%
Os au centre de la poitrine Sternum
69%
Dent pour déchiqueter Canine
65%
Cloison entre la cavité thoracique et l'abdomen Diaphragme
61%
Os situé sous le sacrum Coccyx
59%
Partie du tube digestif Œsophage
58%
Organe en forme d'amande situé dans le pharynx Amygdale
51%
Organe de stockage des globules rouges Rate
51%
Poche située sous le foie Vésicule biliaire
51%
Première vertèbre cervicale Atlas
49%
Partie du dos entre la nuque et le bassin Échine
41%
Os en forme de S du thorax Clavicule
31%
Aucun quiz correspondant
Distribution des résultats
% des personnes avec chaque résultat
Percentile par nombre de réponses
Votre historique - résultats
Vous n’avez pas pris ce quiz